Guess the Fusion Rock Song Lyrics #49 - Statistics

General Stats
  • This quiz has been taken 15 times
  • The average score is 271 of 371
Answer Stats
Answer % Correct
a
100%
I
100%
the
100%
you
100%
You
100%
be
92%
to
92%
Who
92%
your
92%
you're
92%
You're
92%
and
85%
And
85%
But
85%
could
85%
down
85%
get
85%
How
85%
if
85%
in
85%
it
85%
It
85%
it's
85%
just
85%
know
85%
love
85%
me
85%
my
85%
No
85%
no
85%
on
85%
one
85%
that
85%
That
85%
that's
85%
we
85%
When
85%
can't
77%
Don't
77%
don't
77%
ever
77%
good
77%
got
77%
live
77%
Now
77%
of
77%
oh
77%
should
77%
so
77%
So
77%
want
77%
was
77%
again
69%
am
69%
are
69%
day
69%
girl
69%
I'm
69%
knees
69%
knew
69%
need
69%
never
69%
this
69%
up
69%
without
69%
baby
62%
free
62%
little
62%
Little
62%
man
62%
real
62%
right
62%
two
62%
wanna
62%
Yeah
62%
yeah
62%
come
54%
days
54%
I'd
54%
let
54%
long
54%
nights
54%
said
54%
thought
54%
took
54%
true
54%
.38 Special
46%
ask
46%
away
46%
caught
46%
comes
46%
couldn't
46%
did
46%
fall
46%
made
46%
mind
46%
myself
46%
same
46%
turn
46%
feeling
38%
kind
38%
light
38%
realize
38%
set
38%
taught
38%
there'd
38%
thing
38%
through
38%
walk
38%
change
31%
Fill
31%
find
31%
game
31%
sayin
31%
shining
31%
slip
31%
around
23%
enough
23%
hot
23%
missed
23%
quite
23%
resist
23%
suspect
23%
twice
23%
Whenever
23%
played
15%
Wno
0%
No matching quizzes found
Score Distribution
Percent of People with Each Score
Percentile by Number Answered
Your Score History
You have not taken this quiz